Stem changing verbs (boot verbs) - Statistics

General Stats
  • This quiz has been taken 16 times
  • The average score is 14 of 27
Answer Stats
Hint Answer % Correct
to prefer preferir
100%
to eat lunch almorzar
80%
to cost costar
80%
to rain llover
80%
to snow nevar
80%
to want querer
80%
to recommend recomendar
80%
to have tener
80%
to close cerrar
60%
to sleep dormir
60%
to play jugar
60%
to die morir
60%
to remember recordar
60%
to repeat repetir
60%
to say decir
40%
to begin empezar
40%
to find encontrar
40%
to understand entender
40%
to think pensar
40%
to lose perder
40%
to be able to / can poder
40%
to start comenzar
20%
to get conseguir
20%
to ask pedir
20%
to prove probar
20%
to follow seguir
20%
to return volver
20%
No matching quizzes found
Score Distribution
Percent of People with Each Score
Percentile by Number Answered
Your Score History
You have not taken this quiz